<?xml version="1.0" encoding="UTF-8"?>
<record
    xmlns:xsi="http://www.w3.org/2001/XMLSchema-instance"
    xsi:schemaLocation="http://www.loc.gov/MARC21/slim http://www.loc.gov/standards/marcxml/schema/MARC21slim.xsd"
    xmlns="http://www.loc.gov/MARC21/slim">

  <leader>01434nam a22003257a 4500</leader>
  <controlfield tag="003">OSt</controlfield>
  <controlfield tag="005">20210511112343.0</controlfield>
  <controlfield tag="007">ta</controlfield>
  <controlfield tag="008">210310b  2020 dr ac  00| 0 eng d</controlfield>
  <datafield tag="020" ind1=" " ind2=" ">
    <subfield code="a">9789945220681</subfield>
  </datafield>
  <datafield tag="040" ind1=" " ind2=" ">
    <subfield code="a">DO-SdBNP</subfield>
    <subfield code="b">spa</subfield>
    <subfield code="c">BNPHU</subfield>
  </datafield>
  <datafield tag="041" ind1=" " ind2=" ">
    <subfield code="h">SPA</subfield>
  </datafield>
  <datafield tag="082" ind1="7" ind2="4">
    <subfield code="a">791.4362355</subfield>
    <subfield code="b">M519u 2020</subfield>
    <subfield code="2">22</subfield>
  </datafield>
  <datafield tag="100" ind1="1" ind2=" ">
    <subfield code="a">Mel&#xE9;ndez, Agliberto</subfield>
    <subfield code="9">61985</subfield>
  </datafield>
  <datafield tag="245" ind1="1" ind2="3">
    <subfield code="a">Un pasaje de ida :</subfield>
    <subfield code="b">la tragedia del emigrante clandestino /</subfield>
    <subfield code="c">Agliberto Mel&#xE9;ndez ; ilustraci&#xF3;n de portada: Harold Priego ; dise&#xF1;o de cubierta y diagramaci&#xF3;n: Jes&#xFA;s Alberto de la Cruz.</subfield>
  </datafield>
  <datafield tag="250" ind1=" " ind2=" ">
    <subfield code="a">2da. ed.</subfield>
  </datafield>
  <datafield tag="260" ind1=" " ind2=" ">
    <subfield code="a">Santo Domingo :</subfield>
    <subfield code="b">Editora B&#xFA;ho,</subfield>
    <subfield code="c">2020.</subfield>
  </datafield>
  <datafield tag="300" ind1=" " ind2=" ">
    <subfield code="a">164 p. : </subfield>
    <subfield code="b">il., retrs. ;</subfield>
    <subfield code="c">20 cm. </subfield>
  </datafield>
  <datafield tag="500" ind1=" " ind2=" ">
    <subfield code="a">De la portada: guion original de la pel&#xED;cula, con el comentario "as&#xED; se bati&#xF3; el cobre" sobre la realizaci&#xF3;n del film</subfield>
  </datafield>
  <datafield tag="505" ind1="0" ind2=" ">
    <subfield code="a">As&#xED; se bati&#xF3; el cobre 11 -- Un pasaje de ida 55 -- Reparto 57 -- T&#xE9;cnicos 60 -- Un pasaje de ida 67.</subfield>
  </datafield>
  <datafield tag="590" ind1=" " ind2=" ">
    <subfield code="a">Inventariado, 2021 /LP</subfield>
  </datafield>
  <datafield tag="650" ind1=" " ind2="4">
    <subfield code="a">Guiones cinematogr&#xE1;ficos</subfield>
    <subfield code="9">61986</subfield>
  </datafield>
  <datafield tag="650" ind1=" " ind2="4">
    <subfield code="a">Cine</subfield>
    <subfield code="z">Rep&#xFA;blica Dominicana</subfield>
    <subfield code="x">Argumentos, tramas, etc.</subfield>
    <subfield code="9">61987</subfield>
  </datafield>
  <datafield tag="650" ind1=" " ind2="4">
    <subfield code="a">Extranjeros ilegales</subfield>
    <subfield code="9">61988</subfield>
  </datafield>
  <datafield tag="650" ind1=" " ind2="4">
    <subfield code="a">Inmigrantes</subfield>
    <subfield code="x">Pel&#xED;culas cinematogr&#xE1;ficas</subfield>
    <subfield code="9">61989</subfield>
  </datafield>
  <datafield tag="700" ind1="1" ind2=" ">
    <subfield code="a">Priego, Harold, </subfield>
    <subfield code="e">ilustraci&#xF3;n de portada</subfield>
    <subfield code="9">78061</subfield>
  </datafield>
  <datafield tag="700" ind1="1" ind2=" ">
    <subfield code="a">Cruz, Jes&#xFA;s Alberto de la, </subfield>
    <subfield code="e">dise&#xF1;o de cubierta y diagramaci&#xF3;n</subfield>
    <subfield code="9">76790</subfield>
  </datafield>
  <datafield tag="910" ind1=" " ind2=" ">
    <subfield code="a">Validado. Control de la calidad. MAA</subfield>
  </datafield>
  <datafield tag="942" ind1=" " ind2=" ">
    <subfield code="2">ddc</subfield>
    <subfield code="c">LBS1</subfield>
  </datafield>
  <datafield tag="952" ind1=" " ind2=" ">
    <subfield code="0">0</subfield>
    <subfield code="1">0</subfield>
    <subfield code="2">ddc</subfield>
    <subfield code="5">1</subfield>
    <subfield code="7">1</subfield>
    <subfield code="8">PD</subfield>
    <subfield code="a">BNPHU</subfield>
    <subfield code="b">PD</subfield>
    <subfield code="c">HD</subfield>
    <subfield code="d">2021-03-10</subfield>
    <subfield code="e">Dep&#xF3;sito Legal </subfield>
    <subfield code="l">0</subfield>
    <subfield code="o">BNPHU PD 791.4362355 M519u 2020</subfield>
    <subfield code="p">2021-0726</subfield>
    <subfield code="r">2021-03-10</subfield>
    <subfield code="w">2021-03-10</subfield>
    <subfield code="y">LFPD</subfield>
  </datafield>
  <datafield tag="952" ind1=" " ind2=" ">
    <subfield code="0">0</subfield>
    <subfield code="1">0</subfield>
    <subfield code="2">ddc</subfield>
    <subfield code="5">1</subfield>
    <subfield code="7">2</subfield>
    <subfield code="8">PD</subfield>
    <subfield code="a">BNPHU</subfield>
    <subfield code="b">PD</subfield>
    <subfield code="c">HD</subfield>
    <subfield code="d">2021-03-10</subfield>
    <subfield code="e">Dep&#xF3;sito Legal </subfield>
    <subfield code="l">0</subfield>
    <subfield code="o">BNPHU PD 791.4362355 M519u 2020</subfield>
    <subfield code="p">2021-0727</subfield>
    <subfield code="r">2021-03-10</subfield>
    <subfield code="t">e. 2</subfield>
    <subfield code="w">2021-03-10</subfield>
    <subfield code="y">LFPD</subfield>
  </datafield>
  <datafield tag="952" ind1=" " ind2=" ">
    <subfield code="0">0</subfield>
    <subfield code="1">0</subfield>
    <subfield code="2">ddc</subfield>
    <subfield code="5">6</subfield>
    <subfield code="7">0</subfield>
    <subfield code="8">DS</subfield>
    <subfield code="a">BNPHU</subfield>
    <subfield code="b">GR</subfield>
    <subfield code="c">HD</subfield>
    <subfield code="d">2021-03-10</subfield>
    <subfield code="e">Dep&#xF3;sito Legal </subfield>
    <subfield code="l">0</subfield>
    <subfield code="o">BNPHU DS 791.4362355 M519u 2020</subfield>
    <subfield code="p">2021-0728</subfield>
    <subfield code="r">2021-03-10</subfield>
    <subfield code="t">e. 3</subfield>
    <subfield code="w">2021-03-10</subfield>
    <subfield code="y">LFDS</subfield>
  </datafield>
  <datafield tag="952" ind1=" " ind2=" ">
    <subfield code="0">0</subfield>
    <subfield code="1">0</subfield>
    <subfield code="2">ddc</subfield>
    <subfield code="5">6</subfield>
    <subfield code="7">0</subfield>
    <subfield code="8">DS</subfield>
    <subfield code="a">BNPHU</subfield>
    <subfield code="b">GR</subfield>
    <subfield code="c">HD</subfield>
    <subfield code="d">2021-03-18</subfield>
    <subfield code="e">Donado por Cinemateca </subfield>
    <subfield code="l">0</subfield>
    <subfield code="o">BNPHU DS 791.4362355 M519u 2020</subfield>
    <subfield code="p">2021-0966</subfield>
    <subfield code="r">2021-03-18</subfield>
    <subfield code="t">e. 4</subfield>
    <subfield code="w">2021-03-18</subfield>
    <subfield code="y">LFDS</subfield>
  </datafield>
  <datafield tag="952" ind1=" " ind2=" ">
    <subfield code="0">0</subfield>
    <subfield code="1">0</subfield>
    <subfield code="2">ddc</subfield>
    <subfield code="5">6</subfield>
    <subfield code="7">0</subfield>
    <subfield code="8">DS</subfield>
    <subfield code="a">BNPHU</subfield>
    <subfield code="b">GR</subfield>
    <subfield code="c">HD</subfield>
    <subfield code="d">2021-03-18</subfield>
    <subfield code="e">Donado por Cinemateca </subfield>
    <subfield code="l">0</subfield>
    <subfield code="o">BNPHU DS 791.4362355 M519u 2020</subfield>
    <subfield code="p">2021-0967</subfield>
    <subfield code="r">2021-03-18</subfield>
    <subfield code="t">e. 5</subfield>
    <subfield code="w">2021-03-18</subfield>
    <subfield code="y">LFDS</subfield>
  </datafield>
  <datafield tag="999" ind1=" " ind2=" ">
    <subfield code="c">49529</subfield>
    <subfield code="d">49529</subfield>
  </datafield>
</record>
